000 00409nam a2200145Ia 4500
005 20250521031236.0
008 240331s9999 xx 000 0 und d
082 _a302.23
_bKUM
100 _aKumara, Nayanajith,N
245 0 _aAdyathana sinamawe lingika prawanathawaya
260 _aColombo
_bDayawansa Jayakody & Samagama
_c1999
300 _a115 p .,
500 _aSex Tendency of Modern Cinema
942 _cL
999 _c1110
_d1110